All countries visited in The Grand Tour - Statistics

General Stats
  • This quiz has been taken 52 times
  • The average score is 25 of 37
Answer Stats
Answer % Correct
Germany
98%
United Kingdom
98%
Canada
95%
France
95%
Spain
95%
United States of America
95%
Italy
90%
Sweden
90%
China
88%
Norway
88%
Finland
83%
Portugal
83%
Austria
75%
Poland
75%
South Africa
75%
Morocco
73%
Netherlands
70%
Vietnam
70%
Slovakia
68%
Colombia
65%
Slovenia
65%
Cambodia
63%
Switzerland
63%
Croatia
60%
United Arab Emirates
58%
Mauritania
53%
Mongolia
53%
Namibia
53%
Czech Republic
50%
Senegal
50%
Angola
43%
Barbados
38%
Azerbaijan
35%
Georgia
35%
Mozambique
35%
Madagascar
28%
Jordan
20%
No matching quizzes found
Score Distribution
Percent of People with Each Score
Percentile by Number Answered
Your Score History
You have not taken this quiz